| 000 | 00660nam a2200205 a 4500 | ||
|---|---|---|---|
| 003 | OSt | ||
| 005 | 20170301114134.0 | ||
| 008 | 020226s1999 esp 000 0 spa d | ||
| 020 | _a978-84-7978-895-7 | ||
| 040 | _cBMC | ||
| 082 | _a658.3 | ||
| 100 | 1 |
_aBaguer Alcalá, Ángel _918083 |
|
| 245 | 1 | 0 |
_aDirección de personas _b: un timón en la tormenta _cÁngel Baguer Alcalá |
| 250 | _a2ª ed | ||
| 260 |
_aMadrid _bDiaz de Santos _ccop. 2009 |
||
| 300 |
_aXV, 365 p. _c24 cm |
||
| 500 | _aEn la port. Cómo implantar con sencillez,de forma práctica, la Dirección de personas en la empresa. | ||
| 650 | 2 | 4 |
_aDirección de personal _96298 |
| 942 |
_2ddc _cBK |
||
| 999 |
_c27190 _d27190 |
||